00595nam a2200181Ia 450000500170000000800410001702000260005804000190008404100120010308200190011524500880013426000300022230000170025250400410026965000600031070000330037085000100040320220929141742.0131103s9999 xx 000 0 und d a81-86946-61-6cRs. 80 aLoreto College aEnglish a821.7bCOL-CHA aColeridge o tar kobitacedited by Biswanath Chattopadhyay and Pradipranjan Sengupta aKolkatabSahityalokc2001 a138p, 21.5cm aIncludes bibliographical references. aColeridge, Samuel Taylor-Criticism and Interpretation  aChattopadhyay, Biswanath ed. aLCLIB